The Muttations of The Hunger Games Trilogy Quiz Stats

Quiz not verified by Sporcle

Challenge
Share
Tweet
Embed
Score 0/13 Timer 03:00
0 Plays Today
Muttations % Correct
Jabberjays
90%
Wolf
82.6%
Tracker Jackers
77.8%
Monkey
75.2%
Lizard
70.9%
Mockingjays
69.6%
'Beast'
61.3%
Crickets/Grasshoppers
59.1%
Candy Pink Birds
33.9%
Stinging Butterflies
28.7%
Gnats
25.7%
Golden, Fluffy Carnivorous Squirrels
19.1%
Flesh-eating Rats
16%

You're not logged in!

Compare scores with friends on all Sporcle quizzes.
Join for Free
OR
Log In

You Might Also Like...

Show Comments

Extras

Top Quizzes Today


Score Distribution

Your Account Isn't Verified!

In order to create a playlist on Sporcle, you need to verify the email address you used during registration. Go to your Sporcle Settings to finish the process.

Report this User

Report this user for behavior that violates our Community Guidelines.

Details: